000 00786nam a22002532a 4500
001 17167
003 BD-RjUL
005 20211209000111.0
008 140216s1965 enka b 001 0 eng d
035 _a(BD-RjUL)17224
040 _aZIH
_cZIH
_dBD-RjUL
_beng
041 _aeng
082 0 0 _a796.353
_218
_bMOA 1965
100 1 _aMountbatten of Burma, Louis Mountbatten,
_d1900-1979.
_952946
245 1 3 _aAn introduction to polo /
_cby "Marco". Pref. by the Earl Mountbatten of Burma.
250 _a5th ed., rev.
260 _aLondon ;
_bCountry Life ;
_aNew York :
_bC. Scribner,
_cc1965.
300 _axiii, 174 p. :
_bill. ;
_c25 cm
500 _aIncludes index.
504 _aBibliography: p. 169-170.
650 0 _aPolo.
_952947
942 _2ddc
_cBK
999 _c17167
_d17167